Spôsoby oceňovania, účtovania a vykazovania cenných papierov v banke (aplikácia v konkrétnej banke) diplomová práca

Saved in:
Bibliographic Details
Main Author: Fekete, Andrej
Corporate Author: Fakulta hospodárskej informatiky EU. Katedra účtovníctva a audítorstva
Other Authors: Boušková, Dagmar
Format: Book
Language:Slovak
Published: Bratislava 2009
Tags: Add Tag
No Tags, Be the first to tag this record!

MARC

LEADER 00000nam$a2200000$$$4500
001 0097404
005 20240318134855.8
041 0 |a slo 
044 |a SK 
245 1 0 |a Spôsoby oceňovania, účtovania a vykazovania cenných papierov v banke (aplikácia v konkrétnej banke)  |b diplomová práca  |c Andrej Fekete ; škol. Dagmar Boušková 
264 1 |a Bratislava  |c 2009 
300 |a 69 s. 
100 1 |a Fekete, Andrej 
700 1 |a Boušková, Dagmar 
710 2 |a Fakulta hospodárskej informatiky EU. Katedra účtovníctva a audítorstva